REFLECTIONS : the Mahathir years

Bibliographic Details
Other Authors: Welsh
Format: Book
Published: Washington, DC : John Hopkins University , 2004
Subjects:

MARC

LEADER 00000cam a2200000 7i4500
001 0000003083
005 20040518.0
020 0 0 |a 0615124879 
090 0 0 |a 959.5054   |b REF 2004 
245 0 0 |a REFLECTIONS :   |b the Mahathir years   |c editor Bridget Welsh 
260 0 0 |a Washington, DC :   |b John Hopkins University ,   |c 2004 
300 |a xix, 504 p. ;   |c 22 cm. 
500 0 0 |a Includes bibliographical references 
600 0 0 |a Mahathir bin Mohamad   |f Dato' Seri ,   |c 1925- 
651 0 0 |a Malaysia   |x Economic policy 
651 0 0 |a Malaysia   |x Foreign relations 
651 0 0 |a Malaysia   |x Politics and government 
700 0 1 |a Welsh   |h Bridget 
998 |a JPSM 
999 |a 0000005536   |b Monograph   |c Open Shelf   |e Default branch